Miettes philosophiques ; Le concept del'angoisse ; Traité du déserpoir / (Record no. 88774)

MARC details
000 -LEADER
campo de control de longitud fija 01093nam a2200349 i 4500
001 - NÚMERO DE CONTROL
campo de control 88774
003 - IDENTIFICADOR DE NÚMERO DE CONTROL
campo de control ES-MaACL
005 - FECHA Y HORA DE LA ÚLTIMA TRANSACCIÓN
campo de control 20250804044107.0
007 - CAMPO FIJO DE DESCRIPCIÓN FÍSICA--INFORMACIÓN GENERAL
campo de control de longitud fija t|
008 - DATOS DE LONGITUD FIJA--INFORMACIÓN GENERAL
campo de control de longitud fija 041214s1990 fr ||||1| fre d
020 ## - NÚMERO INTERNACIONAL ESTÁNDAR DEL LIBRO
Número Internacional Estándar del Libro 2-07-071961-8
080 ## - NÚMERO DE LA CLASIFICACIÓN DECIMAL UNIVERSAL
Número de la Clasificación Decimal Universal 159.942
080 ## - NÚMERO DE LA CLASIFICACIÓN DECIMAL UNIVERSAL
Número de la Clasificación Decimal Universal 233.142
080 ## - NÚMERO DE LA CLASIFICACIÓN DECIMAL UNIVERSAL
Número de la Clasificación Decimal Universal 21
080 ## - NÚMERO DE LA CLASIFICACIÓN DECIMAL UNIVERSAL
Número de la Clasificación Decimal Universal 1:28
100 1# - ENTRADA PRINCIPAL--NOMBRE DE PERSONA
Nombre de persona Kierkegaard, Søren (
Fechas asociadas al nombre 1813-1855)
9 (RLIN) 68014
245 10 - MENCIÓN DEL TÍTULO
Título Miettes philosophiques ; Le concept del'angoisse ; Traité du déserpoir /
Mención de responsabilidad, etc. Sören Kierkegaard ; traduit du danois par Knud Ferlov et Jean-Jacques Gateau.
260 ## - PUBLICACIÓN, DISTRIBUCIÓN, ETC.
Lugar de publicación, distribución, etc. [S.l.] :
Nombre del editor, distribuidor, etc. Gallimard,
Fecha de publicación, distribución, etc. [1990]
300 ## - DESCRIPCIÓN FÍSICA
Extensión 501 p. ;
Dimensiones 19 cm.
490 1# - MENCIÓN DE SERIE
Mención de serie Tel ;
Designación de volumen o secuencia 164
650 14 - PUNTO DE ACCESO ADICIONAL DE MATERIA--TÉRMINO DE MATERIA
Término de materia o nombre geográfico como elemento de entrada Ansiedad.
9 (RLIN) 154650
650 14 - PUNTO DE ACCESO ADICIONAL DE MATERIA--TÉRMINO DE MATERIA
Término de materia o nombre geográfico como elemento de entrada Pecado original.
9 (RLIN) 15902
650 #4 - PUNTO DE ACCESO ADICIONAL DE MATERIA--TÉRMINO DE MATERIA
Término de materia o nombre geográfico como elemento de entrada Religión-
Subdivisión general Filosofía
9 (RLIN) 16799
650 17 - PUNTO DE ACCESO ADICIONAL DE MATERIA--TÉRMINO DE MATERIA
Término de materia o nombre geográfico como elemento de entrada Filosofía cristiana
Fuente del encabezamiento o término embne
9 (RLIN) 12834
700 1# - ENTRADA AGREGADA--NOMBRE PERSONAL
Nombre de persona Ferlov, Knud.
9 (RLIN) 49305
700 1# - ENTRADA AGREGADA--NOMBRE PERSONAL
Nombre de persona Gateau, Jean-Jacques.
9 (RLIN) 55955
740 3# - ENTRADA AGREGADA--TÍTULO RELACIONADO/ANALÍTICO NO CONTROLADO
Título relacionado o analítico no controlado Le concept de l'angoisse.
740 0# - ENTRADA AGREGADA--TÍTULO RELACIONADO/ANALÍTICO NO CONTROLADO
Título relacionado o analítico no controlado Traité du désespoir.
830 0# - PUNTO DE ACCESO ADICIONAL DE SERIE-TÍTULO UNIFORME
Título uniforme Tel ;
Designación de volumen o secuencia 164
9 (RLIN) 184073
852 ## - LOCALIZACIÓN
Ubicación ES-MaACL
Número de control de estantería E-10618
Holdings
Estatus retirado Estado de pérdida Estado de daño No para préstamo Biblioteca de origen Biblioteca actual Ubicación en estantería Fecha de adquisición Fuente de adquisición Total de préstamos Signatura topográfica completa Código de barras Visto por última vez Precio de reemplazo Tipo de ítem Koha
        Biblioteca del Ateneo de Madrid Biblioteca del Ateneo de Madrid Depósito 2 17/01/2008     E-10618 1092725 23/02/2023 23/02/2023 Libro impreso